000 00425nam a2200169Ia 4500
008 180921t2016 xxu||||| |||| 00| 1 sin d
041 _asin
080 _aX8C31
_bDES
100 _aDe Silva, W.A. Danapala
245 _aමල් කඩේ ගෙදර
246 _aMal Kade Gedara
260 _bGodage
_aColombo
_c2016
300 _a232p., 21cm
942 _cBK
999 _c7933
_d7933
003 LK-CoDNM
040 _aLK-CoDNM
_dLK-CoDNM
_eLK-CoDNM